Normal view
MARC view
- هندسة الطرق-الطرق الرئيسية -الطرق
Entry Topical Term
001 - CONTROL NUMBER
- control field: 16074
003 - CONTROL NUMBER IDENTIFIER
- control field: JO-AjAnu
005 - DATE AND TIME OF LATEST TRANSACTION
- control field: 20230606072849.0
008 - FIXED-LENGTH DATA ELEMENTS
- fixed length control field: 230606|| aca||aabn | a|a d
040 ## - CATALOGING SOURCE
- Original cataloging agency: JO-AjAnu
- Transcribing agency: JO-AjAnu
150 ## - HEADING--TOPICAL TERM
- Topical term or geographic name entry element: هندسة الطرق-الطرق الرئيسية -الطرق
670 ## - SOURCE DATA FOUND
- Source citation: Work cat.: (JO-AjAnu)8251: سالم، محمود توفيق, author 16073, هندسة الطرق 2 والمطارات